000 00750nab a2200229 4500
003 BR-BrBNA
005 20251025123134.0
008 251025b bl.||||| |||| 00| 0 por d
040 _aBR-BrBNA
_bpor
072 _aE13 ; E20
100 _aZaia, Cristiano
245 _aCrédito farto, procura nem tanto
_bAgroeconomia
500 _a2 illus.
650 _aCRÉDITO RURAL
650 _aCRÉDITO AGRÍCOLA
650 _aFINANCIAMENTO
650 _aDEMANDA REDUZIDA
650 _aSEGURO RURAL
773 0 _01706
_9347995
_dSão Paulo-SP Editora Três Ltda - E-mail: luizfsa@revistadinheiro.com.br 2004
_o2025-0490
_tDinheiro Rural (Brazil)
_x1807-3700
_gv. 7(86) p. 26-27; (Dec 2011)
_wBR2025004591
942 _cANA
999 _c338821
_d338821